| 000 | 00000nam 2200000za 4500 |
| 001 | 9.692818 |
| 003 | CaOODSP |
| 005 | 20210624233402 |
| 007 | cr ||||||||||| |
| 008 | 150407|2008||||xxc|||||o f|0| 0 eng d |
| 040 | |aCaOODSP|beng |
| 043 | |an-cn--- |
| 086 | 1 |aBT43-103/2008E-PDF |
| 110 | 1 |aCanada.|bTreasury Board.|bHuman Resources Branch. |
| 245 | 10|aYour pension plan |h[electronic resource] |
| 260 | |aOttawa - Ontario : |bTreasury Board of Canada Secretariat. |cc2008. |
| 300 | |a50p.|btables |
| 500 | |aThe catalogue number (BT43-103/2008) and ISBN (978-0-662-05369-9) for the bilingual print edition have been incorrectly copied in this electronic publication. |
| 590 | |a09-44|b2009-10-30 |
| 690 | 07|aPensions|2gcpds |
| 775 | 08|tVotre régime de pensions |w(CaOODSP)9.637027 |
| 795 | |tYour pension plan |w(CaOODSP)9.694743 |
| 856 | 40|ahttp://publications.gc.ca|qPDF|s186 KB|uhttps://publications.gc.ca/collections/collection_2009/sct-tbs/BT43-103-2008E.pdf |